Enfoque práctico de la teoría de robots : (Record no. 21410)

000 -CABECERA
fixed length control field 01105nam a22002417a 4500
003 - IDENTIFICADOR DEL NÚMERO DE CONTROL
control field AR-CdUCM
008 - DATOS DE LONGITUD FIJA--INFORMACIÓN GENERAL
fixed length control field 190529b ||||| |||| 00| 0 spa d
020 ## - NÚMERO INTERNACIONAL ESTÁNDAR DEL LIBRO
ISBN 9786123180102
040 ## - FUENTE DE LA CATALOGACIÓN
Agencia/entidad que catalogó originalmente la obra MUNICIPALIDAD PROVINCIAL DEL CUSCO
Entidad que transcribió la catalogación BIBLIOTECA MUNICIPAL DEL CUSCO
082 ## - NÚMERO DE LA CLASIFICACIÓN DECIMAL DEWEY
No. de Clasificación 629.892/A75
Notacion interna A75
100 ## - ENTRADA PRINCIPAL--NOMBRE DE PERSONA
Nombre Personal Arnáez Braschi, Enrique
245 ## - MENCIÓN DE TÍTULO
Título Enfoque práctico de la teoría de robots :
Resto del título con aplicaciones en Matlab /
260 ## - PUBLICACIÓN, DISTRIBUCIÓN, ETC.
Lugar de publicación, distribución, etc. Lima ;
Nombre de la editorial, distribuidor, etc. Universidad Peruana de Ciencias Aplicadas (UPC),
Fecha de publicación, distribución, etc. 2015.
300 ## - DESCRIPCIÓN FÍSICA
Nº de Páginas Extensión 177 Páginas. :
Dimensiones 30x21 cm.
505 ## - NOTA DE CONTENIDO CON FORMATO
Nota de contenido formateada Contenido: Introducción a la teoría de robots -- Arquitectura del robot -- Planificación de trayectorias -- Cinemática de los robots -- Dinámica de los robots -- Controladores para manipuladores de robot -- Modelamiento y control de trayectorias completo en Matlab.
650 ## - PUNTO DE ACCESO ADICIONAL DE MATERIA--TÉRMINO DE MATERIA
Descriptor Teoría de robots
9 (RLIN) 44660
650 ## - PUNTO DE ACCESO ADICIONAL DE MATERIA--TÉRMINO DE MATERIA
Descriptor Arquitectura de robots
9 (RLIN) 44661
650 ## - PUNTO DE ACCESO ADICIONAL DE MATERIA--TÉRMINO DE MATERIA
Descriptor Cinemática de robots
9 (RLIN) 44662
650 ## - PUNTO DE ACCESO ADICIONAL DE MATERIA--TÉRMINO DE MATERIA
Descriptor Matlab
9 (RLIN) 44663
710 ## - PUNTO DE ACCESO ADICIONAL--NOMBRE DE ENTIDAD CORPORATIVA
Nombre corporativo (En letras Mayúsculas) Universidad Peruana de Ciencias Aplicadas (UPC)
9 (RLIN) 44601
942 ## - ELEMENTOS DE PUNTO DE ACCESO ADICIONAL (KOHA)
Fuente de clasificación
Tipo de item Libros-BMC
945 ## - PROCESAMIENTO DE INFORMACIÓN LOCAL (OCLC)
Catalogador Roel
Holdings
Estado de retiro (separado) Fuente de clasificación o esquema de estanterías Estado dañado Ubicación Sala donde se ubica Nombre de la colección Fecha de adquisición o compra Fuente de adquisición Costo, precio normal en soles Signatura topográfica Código de Barras Última vez visto (Koha) Tipo de ítem (Koha)
No     Sala Ciencias Sala Ciencias Book Cart 2020-03-13 Compra 50.00 629.892/A75 SC0000002257 2020-03-13 Libros-BMC
No     Sala Ciencias Sala Ciencias Book Cart 2020-03-13 Compra 50.00 629.892/A75/e.2 SC0000002258 2020-03-13 Libros-BMC

Powered by Koha